The future of labour law
Αποθηκεύτηκε σε:
| Άλλοι συγγραφείς: | |
|---|---|
| Μορφή: | Βιβλίο |
| Γλώσσα: | English |
| Δημοσίευση: |
London :
Cassell,
c1996
|
| Θέματα: | |
| Ετικέτες: |
Προσθήκη ετικέτας
Δεν υπάρχουν, Καταχωρήστε ετικέτα πρώτοι!
|
MARC
| LEADER | 00000nam a2200000 i 4500 | ||
|---|---|---|---|
| 001 | 1/81364 | ||
| 008 | 990518s1996 eng d | ||
| 020 | |a 1-85567-405-X | ||
| 035 | |l 10050865 | ||
| 040 | |a GR-MY-UA |b gre |e aacr | ||
| 041 | 0 | |a eng | |
| 082 | 0 | |a 344.4101 | |
| 245 | 1 | 4 | |a The future of labour law / |c Edited by Aileen McColgan |
| 260 | |a London : |b Cassell, |c c1996 | ||
| 300 | |a 292 p. | ||
| 504 | |a Includes bibliographical references and index | ||
| 650 | 0 | 0 | |a Labor laws and legislation |z Great Britain. |
| 650 | 0 | 0 | |a Industrial relations |z Great Britain. |
| 650 | 0 | 0 | |a Law reform |z Great Britain. |
| 700 | 1 | |a McColgan, Aileen. |4 edt | |
| 852 | |a INST |b LESVOS |e 19990518 |h 344.4101 FUT |p 005100016261 |q 005100016261 |t BK |y 0 | ||
| 901 | |a BIBL1-1999-2 | ||
| 909 | |a Λ |b 061624 | ||
| 922 | |a 1ΕΛΗ |b 199812 |c ΚΠΣ/ΤΚ |d ΠΑΠΑΣΩΤΗΡΙΟΥ | ||
| 950 | |a 103-1998-07-27 | ||